000 00519nam a2200181Ia 4500
003 GCL
008 140319s9999 xx 000 0 eng d
040 _aGCL /
_cGCL
082 0 4 _a658.4038
_bK I
100 1 _aKEYES, JESSICA
245 1 0 _aINFOTRENDS: THE COMPETITIVE USE OF INFORMATION /
_cKEYES, JESSICA
260 _a[S.N] :
_bMC GRAW - HILL ،
_c1993
300 _a221\P
650 0 4 _aINFORMATION TECHNOLOGY
650 0 4 _aCOMMUNICATION SYSTEMS
650 0 4 _aINFORMATION RESOURCES MANAGEMENET
942 _2ddc
_cBK
999 _c20827
_d20827